000 00828nam a2200277Ia 4500
001 Para_3896
003 CHAP
008 220125s1935 xx 000 0 und d
010 _a202219
040 _cCHAP
090 _aPA FOLLETO 1131
100 _aStearns, L. A
_9167304
245 _aControl of the plum curculio in Delaware /
_c L. A. Stearns, L. L. Williams, W. R. Haden
260 _aNewark, Delaware :
_b Agricultural Experiment Station
300 _a28 p.
440 _aDelaware. Agric. Exp. Sta. Bull.; 193
_9167305
650 _aConotrachelus nenuphar
_927254
700 _aWilliam, L. L. Haden, W. R.
_9167306
901 _aPA FOLLETO 1131
902 _aA
905 _a0000001935 NEW 0000000000 00
910 _a1935
942 _cPARA
942 _cPARA
_d1
999 _c202219
_d202219